|
|
|
|
| LEADER |
01876nam a2200517 i 4500 |
| 001 |
001869208 |
| 003 |
CZ BrMZK |
| 005 |
20230906125508.0 |
| 007 |
ta |
| 008 |
181224s2010 hu e 000 e hun |
| 020 |
|
|
|a 978-963-07-8915-8
|q (vázáno)
|
| 035 |
|
|
|a (OCoLC)909725952
|
| 040 |
|
|
|a BOA001
|b cze
|e rda
|
| 041 |
1 |
|
|a hun
|h fre
|
| 045 |
|
|
|a w-x-
|
| 072 |
|
7 |
|a 821.09
|x Literatura v různých jazycích (o ní)
|2 Konspekt
|9 11
|
| 080 |
|
|
|a 821(100)
|2 MRF
|
| 080 |
|
|
|a 82:72/76
|2 MRF
|
| 080 |
|
|
|a 78:82
|2 MRF
|
| 080 |
|
|
|a 82.07
|2 MRF
|
| 080 |
|
|
|a (0:82-4)
|2 MRF
|
| 100 |
1 |
|
|a Kundera, Milan,
|d 1929-2023
|7 jk01070894
|4 aut
|
| 240 |
1 |
0 |
|a Rencontre.
|l Maďarsky
|7 aun20221149501
|
| 245 |
1 |
0 |
|a Találkozás /
|c Milan Kundera ; fordította N. Kiss Zsuzsa
|
| 264 |
|
1 |
|a Budapest :
|b Európa Könyvkiadó,
|c 2010
|
| 300 |
|
|
|a 184 stran ;
|c 19 cm
|
| 336 |
|
|
|a text
|b txt
|2 rdacontent
|
| 337 |
|
|
|a bez média
|b n
|2 rdamedia
|
| 338 |
|
|
|a svazek
|b nc
|2 rdacarrier
|
| 500 |
|
|
|a Přeloženo z francouzštiny
|
| 648 |
|
7 |
|a 19.-20. století
|7 ch757015
|2 czenas
|
| 650 |
0 |
7 |
|a světová literatura
|7 ph116360
|y 19.-20. století
|2 czenas
|
| 650 |
0 |
7 |
|a literatura a umění
|7 ph114720
|2 czenas
|
| 650 |
0 |
7 |
|a hudba a literatura
|7 ph114720
|2 czenas
|
| 650 |
0 |
7 |
|a interpretace a přijetí literárního díla
|7 ph137145
|2 czenas
|
| 650 |
0 |
9 |
|a world literature
|y 19th-20th centuries
|2 eczenas
|
| 650 |
0 |
9 |
|a literature and art
|2 eczenas
|
| 650 |
0 |
9 |
|a music and literature
|2 eczenas
|
| 650 |
0 |
9 |
|a interpretation and reception of literature
|2 eczenas
|
| 655 |
0 |
7 |
|a eseje
|7 fd132213
|2 czenas
|
| 655 |
|
9 |
|a essays
|2 eczenas
|
| 700 |
1 |
|
|a Kiss, Zsuzsa,
|d 1955-
|7 mzk20231199944
|4 trl
|
| 910 |
|
|
|a BOA001
|b KMK-0001.242
|
| 990 |
|
|
|a BK
|
| 991 |
|
|
|b 202309
|z 000124545
|
| 996 |
6 |
|
|b 261K001643
|c KMK-0001.242
|l MZK
|r K. M. Kundery - 1. patro
|n 0
|p dar
|h C/04-32.B,001
|w 001937369
|u 000010
|a 0
|e BOA001
|j MZK50
|s P
|